[Event "Cali op"]
[Site "Cali"]
[Date "2009.12.28"]
[Round "4"]
[White "Mateus, Martha"]
[Black "Castillo, Waili"]
[Result "1-0"]
[WhiteElo "2143"]
[BlackElo "2107"]
[PlyCount "65"]
[EventDate "2009.12.26"]
[EventType "swiss"]
[EventRounds "9"]
[EventCountry "COL"]
[SourceTitle "CBM 134 Extra"]
[Source "ChessBase"]
[SourceDate "2010.03.03"]
[SourceVersion "1"]
[SourceVersionDate "2010.03.03"]
[SourceQuality "1"]

1. e4 c5 2. c3 d5 3. exd5 Qxd5 4. d4 Nc6 5. Nf3 Bg4 6. Be2 e6 7. c4 Qd7 8. d5 Bxf3 9. Bxf3 Nd4 10. 0-0 Bd6 11. dxe6 fxe6 12. Nc3 Ne7 13. Ne4 0-0-0 14. Be3 Nef5 15. Bg4 h5 16. Bxf5 exf5 17. Nxd6+ Qxd6 18. Bxd4 cxd4 19. Qd3 Qf4 20. c5 Rhe8 21. Rac1 Qe4 22. Qb5 Qc6 23. Qd3 Re5 24. b4 Qe4 25. Qa3 Kb8 26. b5 Rc8 27. c6 Rxb5 28. Qd6+ Ka8 29. Qd7 Rf8 30. c7 a6 31. c8Q+ Rxc8 32. Rxc8+ Ka7 33. Qd8 1-0